000 00683nam a2200217 4500
001 148439
003 ES-MaACL
005 20230906202631.0
007 t|
008 070214s1985 sp r ||||1| spa d
100 1 _aStravinsky, Igor.
_9139612
245 1 0 _aCrónicas de mi vida /
_cIgor Stravinsky ; traducción, epílogo y notas de Jesús García-Pérez.
260 _aBarcelona :
_bNuevo Arte Thor,
_c1985.
300 _a188 p. :
_bil. ;
_c17 cm.
490 1 _aEl laberinto ;
_v17
600 1 4 _aStravinsky, Igor.
_9139612
700 1 _aGarcía Pérez, Jesús.
_9187509
830 1 _aEl laberinto ;
_v17
_9187510
852 _aES-MaACL
_jL-10365
999 _c148439
_d148439